Refrigeration Table with Charts` (Record no. 4929)

MARC details
000 -LEADER
fixed length control field 00422nam a22001697a 4500
005 - DATE AND TIME OF LATEST TRANSACTION
control field 20160630124115.0
008 - FIXED-LENGTH DATA ELEMENTS--GENERAL INFORMATION
fixed length control field 160630b xxu||||| |||| 00| 0 eng d
020 ## - INTERNATIONAL STANDARD BOOK NUMBER
ISBN 81-219-2829-X
041 ## - LANGUAGE CODE
Language code of text/sound track or separate title eng
082 ## - DEWEY DECIMAL CLASSIFICATION NUMBER
Item number 19789
100 ## - MAIN ENTRY--AUTHOR NAME
Personal name Khurmi R S
245 ## - TITLE STATEMENT
Title Refrigeration Table with Charts`
260 ## - PUBLICATION, DISTRIBUTION, ETC. (IMPRINT)
Place of publication New Delhi
Name of publisher Sultan Chand & Sons,
Year of publication 2014
300 ## - PHYSICAL DESCRIPTION
Number of Pages 39
650 ## - SUBJECT ADDED ENTRY--TOPICAL TERM
Topical Term Diploma Engineering
942 ## - ADDED ENTRY ELEMENTS (KOHA)
Koha item type Books
Holdings
Lost status Damaged status Home library Current library Shelving location Date acquired Cost, normal purchase price Full call number Accession Number Koha item type
    JRU Library   SHELF-44-K 30/06/2016 90.00 19789 19789 Books
    JRU Library   SHELF-44-K 30/06/2016 90.00 19789 19790 Books
    JRU Library   SHELF-44-K 30/06/2016 90.00 19789 19791 Books
    JRU Library   SHELF-44-K 30/06/2016 90.00 19789 19792 Books
    JRU Library   SHELF-44-K 30/06/2016 90.00 19789 19793 Books
    JRU Library   SHELF-44-K 30/06/2016 90.00 19789 19794 Books
    JRU Library   SHELF-44-K 30/06/2016 90.00 19789 19795 Books
    JRU Library   SHELF-44-K 30/06/2016 90.00 19789 19796 Books
    JRU Library   SHELF-44-E 30/06/2016 90.00 19789 19797 Books
    JRU Library   SHELF-44-K 30/06/2016 90.00 19789 19798 Books
    JRU Library   SHELF-44-K 30/06/2016 90.00 19789 19799 Books
    JRU Library   SHELF-44-K 30/06/2016 90.00 19789 19800 Books
    JRU Library   SHELF-44-K 30/06/2016 90.00 19789 19801 Books
    JRU Library   SHELF-44-K 30/06/2016 90.00 19789 19802 Books
    JRU Library   SHELF-44-K 30/06/2016 90.00 19789 19803 Books